Tilastot visalle 15 maata, joissa kuoli eniten Covid-19 - 15. syyskuuta 2021

Klikkaa tästä pelataksesi tätä visaa!

Yleistilastot

  • Tätä visaa on pelattu 2 kertaa
  • Keskiarvotulos 7 / 25

Vastaustilastot

maa% Oikein
Intia
100%
Italia
100%
Meksiko
100%
Ranska
100%
Venäjä
100%
Yhdysvallat
100%
Saksa
50%
Yhdistynyt kuningaskunta
50%
Argentiina
0%
Belgia
0%
Bosnia ja Hertsegovina
0%
Brasilia
0%
Bulgaria
0%
Espanja
0%
Georgia
0%
Indonesia
0%
Iran
0%
Kolumbia
0%
Paraguay
0%
Peru
0%
Pohjois-Makedonia
0%
Slovakia
0%
Slovenia
0%
Tšekki
0%
Unkari
0%

Tulosjakauma

Persentiili vastausten määrän mukaan

Jokaisen tuloksen saaneiden osuus

Tuloshistoriasi

Et ole pelannut tätä visaa